| 000 | 02961cam a2200361 a 4500 | ||
|---|---|---|---|
| 999 |
_c533982 _d533982 |
||
| 001 | 14354948 | ||
| 003 | NUST | ||
| 005 | 20200127112257.0 | ||
| 008 | 060426r20061934nyua 000 1 eng | ||
| 010 | _a 2006045984 | ||
| 020 | _a1579126235 | ||
| 020 | _a9781579126230 | ||
| 035 | _a(OCoLC)ocm68133359 | ||
| 038 | _aMSOHAIL | ||
| 040 |
_aDLC _cDLC _dDLC |
||
| 043 | _ae-uk-en | ||
| 050 | 0 | 0 |
_aPR6005.H66 _bM88 2006 |
| 082 | 0 | 0 |
_a823.912 _222 |
| 100 | 1 |
_aChristie, Agatha, _d1890-1976. _928070 |
|
| 245 | 1 | 0 |
_aMurder on the Orient Express : _cAgatha Christie. |
| 260 |
_aNew York : _bBlack Dog & Leventhal Publishers : _bDistributed by Workman Pub. Co., _c[2007] |
||
| 300 |
_a347 p. : _bill. ; _c22 cm. |
||
| 505 | 0 | _aCast of characters -- The facts: An important passenger on the Taurus Express -- The Tokatlian Hotel -- Poirot refuses a case -- A cry in the night -- The crime -- A woman -- The body -- The Armstrong kidnapping case -- The evidence: The evidence of the wagon lit conductor -- The evidence of the secretary -- The evidence of the valet -- The evidence of the American lady -- The evidence of the Swedish lady -- The evidence of the Russian princess -- The evidence of Count and Countess Andrenyi -- The evidence of Colonel Arbuthnot -- The evidence of Mr. Hardman -- The evidence of the Italian -- The evidence of Miss Debenham -- The evidence of the German lady's-maid -- Summary of the passengers' evidence -- The evidence of the weapon -- The evidence of the passengers' luggage -- Hercule Poirot sits back and thinks: Which of them? -- Ten questions -- Certain suggestive points -- The grease spot on a Hungarian passport -- The christian name of Princess Dragomiroff -- A second interview with Colonel Arbuthnot -- The identity of Mary Debenham -- Further surprising revelations -- Poirot propounds two solutions. | |
| 520 | _aWhile en route from Syria to Paris, in the middle of a freezing winter's night, the Orient Express is stopped dead in its tracks by a snowdrift. Passengers awake to find the train still stranded and to discover that a wealthy American has been brutally stabbed to death in his private compartment. Incredibly, that compartment is locked from the inside. With no escape into the wintery landscape the killer must still be on board. Fortunately, the brilliant Belgian inspector Hercule Poirot is also on board, having booked the last available berth. | ||
| 600 | 1 | 0 |
_aPoirot, Hercule _c(Fictitious character) _vFiction. _911837 |
| 650 | 0 |
_aPrivate investigators _zEngland _vFiction. _911838 |
|
| 650 | 0 |
_aOrient Express (Express train) _vFiction. _911891 |
|
| 655 | 7 |
_aMystery fiction. _2gsafd _95621 |
|
| 856 | 4 | 2 |
_3Publisher description _uhttp://www.loc.gov/catdir/enhancements/fy0659/2006045984-d.html |
| 906 |
_a7 _bcbc _corignew _d1 _eocip _f20 _gy-gencatlg |
||
| 942 |
_2ddc _cBK |
||